Responses for show #8280 - Friday, November 13, 2020

Contestants

[<< previous game]

Mary Dang, a game play engineer from Belmont, California

John Bussard, a Marine aviator originally from Ringoes, New Jersey

Kate Lazo, an assistant athletics director from Menlo Park, California (whose 1-day cash winnings total $16,800)

[next game >>]

Jeopardy! Round responses

AMERICAN HISTORY
BREAD
ABANDONED PLACES
ANAGRAMS
CLASSIC SITCOMS BY EPISODE TITLE
37 IS HEAVEN
    $200 2
Hurricane Katrina

Kate
    $200 6
rye bread

John
    $200 17
Italy

Mary
    $200 26
a cellar (from recall)

John
    $200 11
Friends

Mary
    $200 12
Celsius

Kate
    $400 3
(Japanese) cherry trees

John
    $400 7
a baguette

John
    $400 18
(Kate: What is oil?)

coal

KateJohn
    $400 27
triangle (from integral)

Triple Stumper
    $400 13
All in the Family

John
    $400 22
the Yankees & the Mets

Kate
    $600 1
the CIO

John
    $600 8
sourdough

John
    $1,000 19
Chernobyl

John
    $600 28
sailed (from ladies)

Triple Stumper
    $600 14
[NOTE: John only gave the name of the star for his correct response.]

The Andy Griffith Show

John
    $600 23
LBJ

Mary
    $800 4
MacArthur

John
    $800 9
sesame seeds

Kate
    $800 20
Cyprus

John
    $800 29
adobe (from abode)

John
    $800 15
Gilligan's Island

John
    $800 24
Casablanca

John
    $1000 5
(von) Steuben

John
    $1000 10
ciabatta

Triple Stumper
    $1000 21
whales

Kate
    $1000 30
Laredo (from ordeal)

John
    $1000 16
I Dream of Jeannie

John
    $1000 25
Hannibal

Kate

Scores at the first commercial break (after clue 16):

Kate John Mary
$1,200 $6,800 $200

Scores at the end of the Jeopardy! Round:

Kate John Mary
$3,200 $11,800 $1,000

Double Jeopardy! Round responses

CELEBRITY CLASS OF 1980
A NOVEL CATEGORY
INVENTORS & INVENTIONS
BRITISH ROYAL RESIDENCES
CRIME & PUNISHMENT
FROM B TO C
(Alex: Each correct response beginning with the letter "B" and ending with the letter "C".)
    $400 11
Steve Carell

John
    $400 27
James Patterson

Triple Stumper
    $400 3
bicycle

Mary
    $400 1
Buckingham Palace

Kate
    $400 8
RFK (Robert Kennedy)

John
    $400 17
the bloc

Kate
    $800 13
Tom Cruise

Mary
    $800 28
Lonesome Dove

John
    $800 5
mercury

Kate
    $800 2
Parliament

John
    $800 9
(Bernie) Madoff

Kate
    $800 18
barometric

John
    $1200 14
(Jodie) Foster

Mary
    $1200 23
The Satanic Verses

John
    $1200 24
a laser

Mary
    $1200 4
(Mary: What is Scotland?)

Wales

JohnMary
    $1200 10
Gandhi

Mary
    $1200 19
(John: What is Bosch? What is [*]?)

Bosc

John
    $1600 15
Jackie Joyner-Kersee

Mary
    $1,600 29
(Alex: Hurry. Nothing coming?)

Howards End

John
    $1600 25
(John: What is a pen?)
(Alex: Be more specific.)

a ballpoint pen

John
    $1600 6
Windsor

Kate
    $1600 12
espionage

John
    $1600 20
a bishopric

Kate
    $2000 16
Ann Coulter

John
    $2000 30
The Goldfinch

Triple Stumper
    $2,000 26
(Robert) Goddard

John
    $2000 7
Balmoral

Kate
    $2000 22
John Mitchell

Triple Stumper
    $2000 21
en banc

Kate

Scores at the end of the Double Jeopardy! Round:

Kate John Mary
$12,800 $24,200 $6,200

[wagering suggestions for these scores]

Final Jeopardy! Round responses

U.S. MONUMENTS
MaryWhat is the Washington Monument?
$6,000
KateWhat is the Washington Monument?
$12,775
JohnWhat is the Washington Monument?
$2,000
the Washington Monument

Final scores:

Kate John Mary
$25,575 $26,200 $12,200
2nd place: $2,000 New champion: $26,200 3rd place: $1,000

Game dynamics:

Coryat scores:

Kate John Mary
$12,800 $25,400 $6,200
14 R,
1 W
30 R
(including 2 DDs),
1 W
(including 1 DD)
9 R,
1 W

Combined Coryat: $44,400

The J! Archive is created by fans, for fans. The Jeopardy! game show and all elements thereof, including but not limited to copyright and trademark thereto, are the property of Jeopardy Productions, Inc. and are protected under law. This website is not affiliated with, sponsored by, or operated by Jeopardy Productions, Inc. Join the discussion at JBoard.tv.